000 00906nas a2200289 4500
001 BR9803856
003 BR-BrBNA
005 20231205100842.0
007 ta
008 230509b bl.|||p| |||| 00| 00por d
040 _aBR-BrBNA
_bpor
_cBiblioteca Nacional de Agricultura
041 _a(En)
072 _aF03
100 1 _aOliveira, J.T.A.
100 1 _aMoraes, S.M.D.
100 1 _aCavada, B.S.
100 1 _aMoreira, R.A.
100 1 _aVasconcelos, I.M.
245 1 _aProtein and lectin mobilization during Erythrina velutina forma aurantiaca seed germination and seedling growth in the dark
650 _aEritrina
650 _aSemente
650 _aGerminacao
650 _aCrescimento
773 0 _tRevista Brasileira de Fisiologia Vegetal (Brazil)
_xISSN 0103-3131
_g(Jan-Abr 1998), v. 10(1) p. 25-30
_wBR9803856
909 _a202311
_bLúcia
_c55
_dLúcia Elande
942 _2AGRIS
_n0
_cANA
999 _c158445
_d158445